[Event "Rosario Bandera op"]
[Site "Rosario"]
[Date "2001.06.18"]
[Round "7"]
[White "Sorin, Ariel"]
[Black "Sanchez Almeyra, Jorge"]
[Result "1/2-1/2"]
[WhiteElo "2512"]
[BlackElo "2440"]
[PlyCount "61"]
[EventDate "2001.06.16"]
[EventType "swiss"]
[EventRounds "7"]
[EventCountry "ARG"]
[SourceTitle "EXT 2002"]
[Source "ChessBase"]
[SourceDate "2001.11.25"]
[SourceVersion "1"]
[SourceVersionDate "2001.11.25"]
[SourceQuality "1"]

1. d4 Nf6 2. c4 g6 3. Nc3 d5 4. Bg5 Ne4 5. Bf4 Nxc3 6. bxc3 c5 7. cxd5 Qxd5 8. e3 Bg7 9. Nf3 0-0 10. Be2 cxd4 11. cxd4 Nc6 12. 0-0 b6 13. Qa4 Bb7 14. Rac1 Rac8 15. Bb5 Na5 16. Bc7 a6 17. Bxb6 axb5 18. Qxa5 Qf5 19. Rc5 Rxc5 20. Bxc5 Bxf3 21. gxf3 Qxf3 22. Qc7 Qg4+ 23. Qg3 Qd7 24. Rb1 Re8 25. Qf3 e5 26. Rb4 exd4 27. exd4 Bf8 28. Bxf8 Kxf8 29. d5 Qe7 30. Rxb5 Qe1+ 31. Kg2 1/2-1/2

[Event "Malgrat del Mar op"]
[Site "Malgrat del Mar"]
[Date "1998.??.??"]
[Round "?"]
[White "Sanchez Almeyra, Jorge"]
[Black "Campos Hernandez, Antonio"]
[Result "1/2-1/2"]
[WhiteElo "2440"]
[BlackElo "2170"]
[PlyCount "105"]
[EventDate "1998.??.??"]
[EventType "swiss"]
[EventRounds "9"]
[EventCountry "ESP"]
[SourceTitle "EXT 2003"]
[Source "ChessBase"]
[SourceDate "2002.11.25"]
[SourceVersion "1"]
[SourceVersionDate "2002.11.25"]
[SourceQuality "1"]

1. e4 d6 2. d4 e6 3. Nf3 h6 4. Nc3 a6 5. Bc4 b5 6. Be2 Be7 7. 0-0 Nf6 8. e5 Nd5 9. Bd2 0-0 10. Bd3 f6 11. exf6 Bxf6 12. Nxd5 exd5 13. Re1 Bg4 14. Be2 c6 15. b3 Bxf3 16. Bxf3 Bxd4 17. c3 Be5 18. Rc1 Qf6 19. Qe2 Nd7 20. Rcd1 Bxc3 21. Bxc3 Qxc3 22. Qe6+ Rf7 23. Bh5 Qf6 24. Bxf7+ Qxf7 25. Qxf7+ Kxf7 26. Rd2 Ne5 27. Rde2 Kg8 28. f4 Nd3 29. Re8+ Rxe8 30. Rxe8+ Kf7 31. Ra8 Ke7 32. Rxa6 Nxf4 33. Rxc6 d4 34. Kf1 Ke6 35. a4 bxa4 36. bxa4 Kd5 37. Rc1 Nd3 38. Rb1 Nc5 39. a5 d3 40. Rd1 Kc6 41. Ke1 Kb5 42. Ra1 Ka6 43. Kd2 Nb3+ 44. Kxd3 Nxa1 45. Kc4 Nc2 46. Kd5 Ne3+ 47. Kxd6 Nxg2 48. Ke5 g6 49. Kf6 Nf4 50. h3 h5 51. Kg5 Nxh3+ 52. Kxg6 Nf4+ 53. Kg5 1/2-1/2

[Event "Malgrat del Mar op"]
[Site "Malgrat del Mar"]
[Date "1998.??.??"]
[Round "?"]
[White "Sanchez Almeyra, Jorge"]
[Black "Morales Camacho, Julian"]
[Result "0-1"]
[WhiteElo "2440"]
[BlackElo "2210"]
[PlyCount "56"]
[EventDate "1998.??.??"]
[EventType "swiss"]
[EventRounds "9"]
[EventCountry "ESP"]
[SourceTitle "EXT 2003"]
[Source "ChessBase"]
[SourceDate "2002.11.25"]
[SourceVersion "1"]
[SourceVersionDate "2002.11.25"]
[SourceQuality "1"]

1. e4 e6 2. d4 d5 3. exd5 exd5 4. Nf3 Bg4 5. Be2 Nf6 6. 0-0 Bd6 7. Ne5 Bxe2 8. Qxe2 0-0 9. Bf4 Re8 10. Nc3 Nc6 11. Qe3 Ng4 12. Qg3 Ngxe5 13. Nb5 Ng6 14. Nxd6 Nxf4 15. Nxe8 Ne2+ 16. Kh1 Nxg3+ 17. fxg3 Qxe8 18. Rae1 Qd7 19. Rf3 Re8 20. Rfe3 Rxe3 21. Rxe3 Nxd4 22. Ra3 a6 23. c3 Ne6 24. b3 d4 25. cxd4 Qxd4 26. h4 Qb4 27. Ra4 Qxa4 28. bxa4 c5 0-1

[Event "Rosario"]
[Site "Rosario"]
[Date "1996.??.??"]
[Round "2"]
[White "Sanchez Almeyra, Jorge"]
[Black "Perez Cascella, Julio"]
[Result "1-0"]
[WhiteElo "2445"]
[BlackElo "2230"]
[PlyCount "71"]
[EventDate "1996.??.??"]
[EventType "tourn"]
[EventRounds "9"]
[EventCountry "ARG"]
[EventCategory "7"]
[SourceTitle "CBM 053 Extra"]
[Source "ChessBase"]
[SourceDate "1996.09.01"]
[SourceVersion "1"]
[SourceVersionDate "1996.09.01"]
[SourceQuality "1"]

1. e4 c5 2. Nf3 e6 3. d4 cxd4 4. Nxd4 a6 5. Bd3 Nf6 6. 0-0 d6 7. c4 Be7 8. Nc3 0-0 9. Qe2 Qc7 10. f4 Nbd7 11. Kh1 Re8 12. Nf3 e5 13. f5 Rb8 14. Bg5 Nc5 15. Rac1 Nxd3 16. Qxd3 Bd7 17. Rfd1 Bc6 18. b4 Ng4 19. Rd2 Bxg5 20. Nxg5 h6 21. Nf3 Rbd8 22. h3 Nf6 23. Rdd1 b6 24. Nd5 Qb7 25. Qe3 Nd7 26. Nd2 b5 27. f6 Bxd5 28. fxg7 Kxg7 29. cxd5 Rc8 30. Qg3+ Kh7 31. Qf3 Nf8 32. Nb3 Ng6 33. Na5 Qd7 34. Qf6 Rxc1 35. Rxc1 Nf4 36. Rc6 1-0

[Event "Rosario"]
[Site "Rosario"]
[Date "1996.??.??"]
[Round "5"]
[White "Serafino, Dario"]
[Black "Sanchez Almeyra, Jorge"]
[Result "1/2-1/2"]
[WhiteElo "2325"]
[BlackElo "2445"]
[PlyCount "109"]
[EventDate "1996.??.??"]
[EventType "tourn"]
[EventRounds "9"]
[EventCountry "ARG"]
[EventCategory "7"]
[SourceTitle "CBM 053 Extra"]
[Source "ChessBase"]
[SourceDate "1996.09.01"]
[SourceVersion "1"]
[SourceVersionDate "1996.09.01"]
[SourceQuality "1"]

1. e4 c5 2. Nf3 e6 3. d4 cxd4 4. Nxd4 Nf6 5. Nc3 d6 6. Be2 Be7 7. 0-0 a6 8. f4 0-0 9. Kh1 Qc7 10. Be3 b5 11. e5 dxe5 12. fxe5 Nfd7 13. Bf3 Bb7 14. Ndxb5 axb5 15. Nxb5 Qc8 16. Nd6 Bxd6 17. exd6 Nc6 18. c4 Nce5 19. Bxb7 Qxb7 20. b3 Qe4 21. Qd4 Qg6 22. c5 Rfb8 23. Qc3 Qe4 24. Bd4 f6 25. Rfe1 Qd5 26. Bxe5 Nxe5 27. Rad1 Qc6 28. Rd2 Qb5 29. h3 Ra6 30. Rc1 Nc6 31. Rb1 Rba8 32. Rbb2 Kf7 33. Kh2 R6a7 34. Qe3 Qb4 35. Rbc2 Qb7 36. Re2 e5 37. Rf2 Kg8 38. Qe4 Qd7 39. b4 Rb8 40. b5 Nd4 41. Qd5+ Qf7 42. Qxf7+ Kxf7 43. b6 Ra6 44. c6 Nxc6 45. Rxc6 Raxb6 46. Rc7+ Kf8 47. Rfc2 Rxd6 48. Ra7 f5 49. Rcc7 Rg6 50. Rf7+ Kg8 51. Rxf5 h6 52. g4 Re8 53. Rff7 e4 54. a3 Ree6 55. Rf1 1/2-1/2

[Event "Mar del Plata op 26th"]
[Site "Mar del Plata"]
[Date "1995.??.??"]
[Round "7"]
[White "Hoffman, Alejandro"]
[Black "Sanchez Almeyra, Jorge"]
[Result "0-1"]
[WhiteElo "2515"]
[BlackElo "2430"]
[PlyCount "60"]
[EventDate "1995.05.??"]
[EventType "swiss"]
[EventRounds "9"]
[EventCountry "ARG"]
[SourceTitle "EXT 1997"]
[Source "ChessBase"]
[SourceDate "1996.11.15"]
[SourceVersion "1"]
[SourceVersionDate "1996.11.15"]
[SourceQuality "1"]

1. d4 Nf6 2. c4 g6 3. Nc3 d5 4. cxd5 Nxd5 5. e4 Nxc3 6. bxc3 Bg7 7. Nf3 c5 8. Rb1 0-0 9. Be2 cxd4 10. cxd4 Qa5+ 11. Bd2 Qxa2 12. 0-0 Bg4 13. Be3 Nc6 14. d5 Na5 15. Rb4 Bxf3 16. Bxf3 Nc4 17. Bg5 f6 18. Bf4 Nd6 19. Bxd6 exd6 20. Rxb7 a5 21. Qd4 Rab8 22. Ra7 Qa3 23. h4 Qb4 24. Qa1 Ra8 25. Rc7 Rfc8 26. Rfc1 Rxc7 27. Rxc7 a4 28. Qc1 a3 29. Qc6 Qb8 30. Qd7 Qxc7 0-1

[Event "Mar del Plata op 26th"]
[Site "Mar del Plata"]
[Date "1995.??.??"]
[Round "?"]
[White "Sales Filho, Espedito Severiano"]
[Black "Sanchez Almeyra, Jorge"]
[Result "0-1"]
[WhiteElo "2070"]
[BlackElo "2430"]
[PlyCount "38"]
[EventDate "1995.05.??"]
[EventType "swiss"]
[EventRounds "9"]
[EventCountry "ARG"]
[SourceTitle "EXT 2003"]
[Source "ChessBase"]
[SourceDate "2002.11.25"]
[SourceVersion "1"]
[SourceVersionDate "2002.11.25"]
[SourceQuality "1"]

1. Nf3 Nf6 2. d4 g6 3. Bg5 Bg7 4. Nbd2 d5 5. e3 Nbd7 6. Be2 0-0 7. 0-0 b6 8. h3 Bb7 9. Bf4 c5 10. c3 Ne4 11. Bb5 a6 12. Bxd7 Qxd7 13. Ne5 Qe6 14. Ng4 Rfd8 15. Nf3 f6 16. Bh6 f5 17. Bxg7 fxg4 18. Be5 gxf3 19. Qxf3 Nd2 0-1

[Event "Santiago zt"]
[Site "Santiago de Chile"]
[Date "1995.??.??"]
[Round "10"]
[White "Sanchez Almeyra, Jorge"]
[Black "Bauza, Alejandro"]
[Result "1/2-1/2"]
[WhiteElo "2430"]
[BlackElo "2265"]
[PlyCount "59"]
[EventDate "1995.??.??"]
[EventType "tourn"]
[EventRounds "13"]
[EventCountry "CHI"]
[EventCategory "6"]
[SourceTitle "CBM 047 Extra"]
[Source "ChessBase"]
[SourceDate "1995.09.01"]
[SourceVersion "1"]
[SourceVersionDate "1995.09.01"]
[SourceQuality "1"]

1. e4 c6 2. d4 d5 3. exd5 cxd5 4. c4 Nf6 5. Nc3 g6 6. Qb3 Bg7 7. cxd5 0-0 8. Be2 Na6 9. Bf3 Qb6 10. Qxb6 axb6 11. Nge2 Nb4 12. 0-0 Rd8 13. d6 Rxd6 14. Bf4 Rd7 15. Rfd1 Nbd5 16. Be5 Rd8 17. Nxd5 Nxd5 18. Bxd5 Rxd5 19. Bxg7 Kxg7 20. Nc3 Rd8 21. f3 e6 22. Kf2 Bd7 23. d5 exd5 24. Rxd5 Bc6 25. Rxd8 Rxd8 26. Ke3 Re8+ 27. Kf2 Rd8 28. Re1 g5 29. Re2 Kg6 30. Ke3 1/2-1/2

[Event "Santiago zt"]
[Site "Santiago de Chile"]
[Date "1995.??.??"]
[Round "5"]
[White "Sanchez Almeyra, Jorge"]
[Black "Cortes Moyano, Julio"]
[Result "1/2-1/2"]
[WhiteElo "2430"]
[BlackElo "2345"]
[PlyCount "112"]
[EventDate "1995.??.??"]
[EventType "tourn"]
[EventRounds "13"]
[EventCountry "CHI"]
[EventCategory "6"]
[SourceTitle "CBM 047 Extra"]
[Source "ChessBase"]
[SourceDate "1995.09.01"]
[SourceVersion "1"]
[SourceVersionDate "1995.09.01"]
[SourceQuality "1"]

1. e4 e5 2. Nf3 Nf6 3. Nxe5 d6 4. Nf3 Nxe4 5. Qe2 Qe7 6. d3 Nf6 7. Bg5 Bg4 8. Bxf6 gxf6 9. Qxe7+ Bxe7 10. Be2 Nd7 11. Nc3 c6 12. Nd4 Be6 13. Bh5 Kf8 14. 0-0 f5 15. Rae1 Nf6 16. Bf3 Bd7 17. Nce2 Ne8 18. Nf4 Ng7 19. Nde2 Bf6 20. d4 Re8 21. c3 Ke7 22. Bd5 Kf8 23. Bb3 Bg5 24. g3 Ne6 25. Nh3 Bd2 26. Rd1 Ng5 27. Nhf4 Bxf4 28. Nxf4 Ne6 29. Nd3 Ng5 30. h4 Ne4 31. Nf4 Nf6 32. Rfe1 Kg7 33. Bc2 Kh6 34. Bb3 Kg7 35. f3 Rxe1+ 36. Rxe1 Re8 37. Rxe8 Bxe8 38. Kf2 Bd7 39. Ke3 h6 40. c4 Kf8 41. c5 d5 42. Bc2 Ke7 43. b4 Bc8 44. a4 Bd7 45. Bd3 a6 46. Be2 Be8 47. Nd3 Nh5 48. Kf2 Ng7 49. Ne5 f4 50. gxf4 Nf5 51. Bd3 Nxd4 52. Ke3 Ne6 53. f5 Nf8 54. Kf4 Nd7 55. Nxd7 Bxd7 56. Ke5 f6+ 1/2-1/2

[Event "San Martin"]
[Site "San Martin"]
[Date "1994.??.??"]
[Round "1"]
[White "Hernandez Onna, Roman"]
[Black "Sanchez Almeyra, Jorge"]
[Result "1/2-1/2"]
[WhiteElo "2450"]
[BlackElo "2435"]
[PlyCount "84"]
[EventDate "1994.04.??"]
[EventType "tourn"]
[EventRounds "11"]
[EventCountry "ARG"]
[EventCategory "9"]
[SourceTitle "CBM 042"]
[Source "ChessBase"]
[SourceDate "1994.10.01"]
[SourceVersion "1"]
[SourceVersionDate "1994.10.01"]
[SourceQuality "1"]

1. d4 Nf6 2. Nf3 g6 3. c4 Bg7 4. Nc3 d5 5. cxd5 Nxd5 6. e4 Nxc3 7. bxc3 c5 8. Be2 Nc6 9. d5 Bxc3+ 10. Bd2 Bxa1 11. Qxa1 Nd4 12. Nxd4 cxd4 13. Qxd4 0-0 14. 0-0 f6 15. Rb1 b6 16. h4 Bd7 17. Bh6 Rf7 18. Ba6 b5 19. Bxb5 Bxb5 20. Rxb5 e6 21. g3 Qd7 22. Qc4 Rc8 23. Qb3 Re7 24. a4 exd5 25. exd5 Kh8 26. Qf3 Rf7 27. Kg2 Rd8 28. Qf4 Kg8 29. Qf3 Qf5 30. Qxf5 gxf5 31. d6 Rfd7 32. Bf4 Kf7 33. Rxf5 Rc8 34. Ra5 Ke6 35. Ra6 Rc4 36. Be3 Kd5 37. Bxa7 Rxd6 38. Bb6 Ke6 39. a5 Kf7 40. Ra8 Ra4 41. Rc8 Kg6 42. Rc7 h5 1/2-1/2

[Event "San Martin"]
[Site "San Martin"]
[Date "1994.??.??"]
[Round "3"]
[White "Larsen, Bent"]
[Black "Sanchez Almeyra, Jorge"]
[Result "1/2-1/2"]
[WhiteElo "2560"]
[BlackElo "2435"]
[PlyCount "107"]
[EventDate "1994.04.??"]
[EventType "tourn"]
[EventRounds "11"]
[EventCountry "ARG"]
[EventCategory "9"]
[SourceTitle "CBM 042"]
[Source "ChessBase"]
[SourceDate "1994.10.01"]
[SourceVersion "1"]
[SourceVersionDate "1994.10.01"]
[SourceQuality "1"]

1. d4 Nf6 2. g3 g6 3. Bg2 d5 4. Nh3 Bxh3 5. Bxh3 c6 6. c3 Nbd7 7. Qb3 Qb6 8. Bf4 e6 9. Nd2 Be7 10. 0-0 0-0 11. Rfe1 c5 12. dxc5 Bxc5 13. Qxb6 Bxb6 14. Rac1 Rac8 15. a3 Nc5 16. Bh6 Nce4 17. Nxe4 Nxe4 18. e3 Rfd8 19. Rcd1 Bc7 20. Bg2 Be5 21. Bxe4 dxe4 22. Kf1 Bh8 23. g4 f6 24. Bf4 e5 25. Bg3 Kf7 26. Ke2 Ke6 27. a4 Bg7 28. a5 a6 29. Rxd8 Rxd8 30. Ra1 Bf8 31. Ra4 Rd5 32. Rxe4 Rxa5 33. Kd3 Bd6 34. Rc4 Rd5+ 35. Kc2 Rc5 36. Ra4 Rc8 37. f3 Bc5 38. Kd3 Rc6 39. Ra1 Rd6+ 40. Ke2 Rb6 41. b4 Be7 42. e4 Rc6 43. Be1 Rc8 44. Bd2 Rh8 45. Rg1 h5 46. g5 fxg5 47. Bxg5 Bxg5 48. Rxg5 Kf6 49. Rg1 Rc8 50. Kd3 Rd8+ 51. Ke3 Rc8 52. Kd3 Rd8+ 53. Ke3 Rc8 54. Kd3 1/2-1/2

[Event "ARG-ch"]
[Site "Buenos Aires"]
[Date "1994.??.??"]
[Round "5"]
[White "Sanchez Almeyra, Jorge"]
[Black "Amura, Claudia Noemi"]
[Result "1/2-1/2"]
[WhiteElo "2435"]
[BlackElo "2320"]
[PlyCount "68"]
[EventDate "1994.02.??"]
[EventType "swiss"]
[EventRounds "9"]
[EventCountry "ARG"]
[SourceTitle "TD"]
[Source "ChessBase"]
[SourceDate "1994.03.01"]
[SourceVersion "1"]
[SourceVersionDate "1994.03.01"]
[SourceQuality "1"]

1. e4 c5 2. Nf3 Nc6 3. d4 cxd4 4. Nxd4 g6 5. c4 Bg7 6. Be3 Nf6 7. Nc3 d6 8. Be2 0-0 9. 0-0 Re8 10. Qd2 Ng4 11. Bxg4 Bxg4 12. f4 Bd7 13. Rad1 Qa5 14. Nb3 Qb4 15. Qd3 Be6 16. Nd5 Qa4 17. Rf2 Bxd5 18. exd5 Nb4 19. Qe2 Qxa2 20. Nc1 Qa4 21. f5 Qd7 22. Rdf1 Rf8 23. Qd2 Na6 24. fxg6 hxg6 25. Bh6 b5 26. Bxg7 Kxg7 27. Qd4+ f6 28. Nd3 bxc4 29. Nf4 Nc5 30. Rf3 Kf7 31. Qxc4 a5 32. Re1 Ra7 33. Ne6 Rh8 34. Nxc5 Qc8 1/2-1/2

[Event "Buenos Aires PRENAJ"]
[Site "Buenos Aires"]
[Date "1994.??.??"]
[Round "5"]
[White "Sanchez Almeyra, Jorge"]
[Black "Anelli, Antonio"]
[Result "1/2-1/2"]
[WhiteElo "2435"]
[BlackElo "2310"]
[PlyCount "69"]
[EventDate "1994.??.??"]
[EventType "swiss"]
[EventRounds "11"]
[EventCountry "ARG"]
[SourceTitle "EXT 1997"]
[Source "ChessBase"]
[SourceDate "1996.11.15"]
[SourceVersion "1"]
[SourceVersionDate "1996.11.15"]
[SourceQuality "1"]

1. e4 c5 2. Nf3 d6 3. d4 cxd4 4. Nxd4 Nf6 5. Nc3 Nc6 6. Bg5 Bd7 7. Qd2 Rc8 8. Nb3 h6 9. Bxf6 gxf6 10. f4 f5 11. exf5 Bxf5 12. Bd3 Bxd3 13. Qxd3 Bg7 14. 0-0 Qb6+ 15. Kh1 Nb4 16. Qd2 Bxc3 17. bxc3 Na6 18. Rae1 Rc7 19. f5 Kd8 20. Qd5 Rf8 21. f6 e6 22. Qd2 Rh8 23. Re5 Nc5 24. Rh5 Ne4 25. Qf4 d5 26. Rxh6 Rg8 27. Rh7 Rxc3 28. Rxf7 Ng3+ 29. hxg3 Rh8+ 30. Qh4 Rxh4+ 31. gxh4 Rxc2 32. Rxb7 Qa6 33. Rf4 Qe2 34. Rg7 Qe1+ 35. Kh2 1/2-1/2

[Event "Buenos Aires PRENAJ"]
[Site "Buenos Aires"]
[Date "1994.??.??"]
[Round "1"]
[White "Sanchez Almeyra, Jorge"]
[Black "Casoy, Gaspar"]
[Result "1/2-1/2"]
[WhiteElo "2435"]
[BlackElo "2320"]
[PlyCount "80"]
[EventDate "1994.??.??"]
[EventType "swiss"]
[EventRounds "11"]
[EventCountry "ARG"]
[SourceTitle "EXT 1997"]
[Source "ChessBase"]
[SourceDate "1996.11.15"]
[SourceVersion "1"]
[SourceVersionDate "1996.11.15"]
[SourceQuality "1"]

1. e4 c5 2. Nf3 d6 3. d4 cxd4 4. Nxd4 Nf6 5. Nc3 g6 6. Be3 Bg7 7. f3 0-0 8. Qd2 Nc6 9. Bc4 Bd7 10. h4 Ne5 11. Bb3 Qa5 12. 0-0-0 Rfc8 13. Kb1 Nc4 14. Bxc4 Rxc4 15. Nb3 Qa6 16. h5 Rac8 17. hxg6 fxg6 18. Bd4 Be6 19. g4 b5 20. g5 Nh5 21. Bxg7 Nxg7 22. Nd5 Bxd5 23. Qxd5+ e6 24. Qxd6 Qxd6 25. Rxd6 Rxc2 26. Rhd1 Rg2 27. f4 e5 28. Rd8+ Rxd8 29. Rxd8+ Kf7 30. Rd7+ Kg8 31. Rd8+ Kf7 32. Rd7+ Kf8 33. f5 gxf5 34. exf5 Nxf5 35. Rxh7 e4 36. g6 Rxg6 37. Kc2 Rg7 38. Rxg7 Kxg7 39. Nc5 Nd6 40. Kc3 Kf6 1/2-1/2

[Event "ARG-chT"]
[Site "Buenos Aires"]
[Date "1994.??.??"]
[Round "3"]
[White "Sanchez Almeyra, Jorge"]
[Black "Schuster, Carlos"]
[Result "1-0"]
[WhiteElo "2435"]
[BlackElo "2285"]
[PlyCount "63"]
[EventDate "1994.??.??"]
[EventType "team"]
[EventRounds "8"]
[EventCountry "ARG"]
[SourceTitle "EXT 2005"]
[Source "ChessBase"]
[SourceDate "2004.11.15"]
[SourceVersion "1"]
[SourceVersionDate "2004.11.15"]
[SourceQuality "1"]

1. e4 c5 2. Nf3 Nc6 3. d4 cxd4 4. Nxd4 Nf6 5. Nc3 d6 6. Bg5 e6 7. Qd2 h6 8. Bxf6 gxf6 9. 0-0-0 a6 10. f4 h5 11. Kb1 Bd7 12. Bc4 Rc8 13. Rhf1 Qb6 14. Nxc6 Rxc6 15. Bb3 Qa5 16. Qd3 h4 17. Ne2 Rg8 18. g3 hxg3 19. hxg3 Rc7 20. Qf3 Bb5 21. Rf2 Bc4 22. Rh2 f5 23. Nc3 Bxb3 24. axb3 Be7 25. Re2 Bf6 26. Rd3 Bxc3 27. bxc3 fxe4 28. Rxe4 Qf5 29. Rxd6 Ke7 30. Rd3 Rgc8 31. Re5 Qh3 32. Rh5 1-0

[Event "WchT U26 09th"]
[Site "Paranana"]
[Date "1993.11.12"]
[Round "9"]
[White "Sanchez Almeyra, Jorge"]
[Black "Hauchard, Arnaud"]
[Result "1/2-1/2"]
[WhiteElo "2435"]
[BlackElo "2450"]
[PlyCount "160"]
[EventDate "1993.11.02"]
[EventType "team-swiss"]
[EventRounds "9"]
[EventCountry "PAN"]
[SourceTitle "EXT 2020"]
[Source "ChessBase"]
[SourceDate "2019.10.17"]
[SourceVersion "1"]
[SourceVersionDate "2019.10.17"]
[SourceQuality "1"]
[WhiteTeam "Argentina"]
[BlackTeam "France"]
[WhiteTeamCountry "ARG"]
[BlackTeamCountry "FRA"]

1. e4 c6 2. d4 d5 3. exd5 cxd5 4. c4 Nf6 5. Nc3 Nc6 6. Nf3 Bg4 7. cxd5 Nxd5 8. Qb3 Bxf3 9. gxf3 e6 10. Qxb7 Nxd4 11. Bb5+ Nxb5 12. Qc6+ Ke7 13. Qxb5 Qd7 14. Nxd5+ Qxd5 15. Qxd5 exd5 16. 0-0 Ke6 17. Re1+ Kf5 18. Rd1 Rd8 19. Be3 Rd7 20. Rac1 Be7 21. Rd4 Bf6 22. Rf4+ Kg6 23. Rg4+ Kf5 24. Rf4+ Kg6 25. b4 Re8 26. a4 h5 27. Rd1 Bg5 28. Re4 dxe4 29. Rxd7 exf3 30. Kf1 Bxe3 31. fxe3 Re4 32. Rb7 a5 33. bxa5 Rxa4 34. Kf2 Rxa5 35. Kxf3 Rf5+ 36. Kg3 Rg5+ 37. Kf3 Rg4 38. Ra7 f6 39. Rb7 Kh6 40. Rf7 Rg1 41. Kf2 Rg5 42. Ra7 Rf5+ 43. Kg2 g5 44. Ra8 Rb5 45. Ra2 Kg6 46. Kf3 Kf5 47. h3 Rb4 48. Ra5+ Kg6 49. Ra2 Rb3 50. Rc2 Rb1 51. Ra2 h4 52. Kf2 Rb5 53. Rc2 Kh5 54. Ra2 f5 55. Kf3 Rb1 56. Kf2 Rh1 57. Kg2 Rc1 58. Ra5 Rc2+ 59. Kg1 Kg6 60. Ra6+ Kf7 61. Ra5 Kf6 62. Ra6+ Ke5 63. Rg6 Re2 64. Rxg5 Rxe3 65. Rh5 Rxh3 66. Kg2 Rg3+ 67. Kh2 Rg4 68. Kh3 Rd4 69. Rh8 Ke4 70. Rxh4+ Ke3 71. Rh8 Kf2 72. Ra8 Re4 73. Ra2+ Re2 74. Ra5 f4 75. Ra4 f3 76. Ra1 Re1 77. Ra2+ Ke3 78. Ra3+ Kf4 79. Ra4+ Re4 80. Ra3 Rd4 1/2-1/2